000 00758nam a2200289Ia 4500
005 20260324134334.0
008 008 260324s9999 xx 000 0 eng d
020 _a9781315250885
037 _aEBOOK
040 _aCRL
040 _beng
040 _cCRL
041 _2eng
041 _aeng
084 _qCRL
100 _aWilliam Housley; Stephen Hester
_91196439
245 0 _aLanguage, Interaction and National Identity
245 0 _bStudies in the Social Organisation of National Identity in Talk-in-Interaction
260 _bTaylor and Francis
260 _c2002
365 _a
365 _b210
856 _uhttp://www.taylorfrancis.com/books/9781315250885
942 _cEBOOK
999 _c1796443
_d1796443